| 000 | 00687nam a2200277Ia 4500 | ||
|---|---|---|---|
| 005 | 20260320195836.0 | ||
| 008 | 008 262003s9999 xx 000 0 hin d | ||
| 020 | _a9788183619448 | ||
| 037 | _aEBOOK | ||
| 040 | _aCRL | ||
| 040 | _bhin | ||
| 040 | _cCRL | ||
| 041 | _2hin | ||
| 041 | _ahin | ||
| 084 | _qCRL | ||
| 100 |
_aविभूति नारायण राय _91133284 |
||
| 245 | 0 | _aहाशिमपुरा 22 मई | |
| 250 | _a2nd | ||
| 260 | _bRajkamal | ||
| 260 | _c2020 | ||
| 300 | _a160 | ||
| 856 | _uhttps://ebook.indiaread.in/pdfs/hashimpura_by_vibhuti_narayan_rai.pdf | ||
| 942 | _cEBOOK | ||
| 999 |
_c1716799 _d1716799 |
||